Fish nutrition research in Asia
Fish nutrition research in Asia is the first book to provide comprehensive information on nutrition as a means to improve fish health and defend against infection.
Sparad:
| Materialtyp: | Bok |
|---|---|
| Språk: | Undetermined |
| Publicerad: |
Philippines
Asian Fisheries Society
1994
|
| Ämnen: | |
| Taggar: |
Lägg till en tagg
Inga taggar, Lägg till första taggen!
|
| Thư viện lưu trữ: | Trung tâm Học liệu Trường Đại học Cần Thơ |
|---|
| LEADER | 00716nam a2200193Ia 4500 | ||
|---|---|---|---|
| 001 | CTU_150520 | ||
| 008 | 210402s9999 xx 000 0 und d | ||
| 082 | |a 639.3 | ||
| 082 | |b F532/No.9 | ||
| 245 | 0 | |a Fish nutrition research in Asia | |
| 245 | 0 | |c Edited by S.S. De Silva | |
| 260 | |a Philippines | ||
| 260 | |b Asian Fisheries Society | ||
| 260 | |c 1994 | ||
| 520 | |a Fish nutrition research in Asia is the first book to provide comprehensive information on nutrition as a means to improve fish health and defend against infection. | ||
| 650 | |a Fish,Fish culture,Cá,Chăn nuôi cá | ||
| 650 | |x Feeding,Chăn nuôi | ||
| 904 | |i Trọng Hải | ||
| 980 | |a Trung tâm Học liệu Trường Đại học Cần Thơ | ||